000 00619nam a2200229Ia 4500
003 OSt
005 20230523110237.0
008 210423s2016 xx 000 0 und d
020 _a978-93-85919-77-0
040 _cAL
041 _aeng
082 _a032.02 CHUH
100 _aCHUGH (Ujjwal)
_9111095
245 _aHow to crack the SSB
_bServices selection board
260 _aNew Delhi
_bSource Books
_c2016
300 _axv,273
_bPB
365 _b310
_cINR
650 _aGeneral
_9111096
650 _aGeneral Knowledge
_9111097
906 _aboard ; crack ; How ; selection ; Services ; SSB
942 _2ddc
_cBK
999 _c167906
_d167906